| 000 | 00577nam a22001577a 4500 | ||
|---|---|---|---|
| 999 |
_c19257 _d19257 |
||
| 008 | 240221b ||||| |||| 00| 0 eng d | ||
| 020 | _a9781394182282 | ||
| 082 |
_aDC 658.4038 _bL799 2023 |
||
| 100 |
_aLockett, Rachel _952887 |
||
| 245 |
_aThe technology doesn't matter : _bprioritizing the people in IT business alignment / _cRachel Lockett. |
||
| 260 |
_aHoboken, NJ : _bWILEY, _c©2023. |
||
| 300 |
_axiii, 300 pages ; _c23 cm. |
||
| 500 | _aIncludes bibliographical references and index. | ||
| 650 |
_aInformation technology _xManagement. _952888 |
||
| 942 |
_2ddc _cDC |
||